Cliquez sur le bon finaliste de la LDC dans l'ordre - Statistiques

Statistiques générales
  • Ce quiz a été pris 149 fois
  • Le résultat moyen est 10 sur 68
Statistiques - réponses
Hint Réponse % Correct
2020 Paris Saint-Germain
42%
1956 Stade de Reims
41%
2023 Inter
38%
2022 Liverpool
37%
2021 Manchester City
37%
2018 Liverpool
32%
2019 Tottenham
32%
2014 Atlético Madrid
31%
2017 Juventus
31%
2016 Atlético Madrid
30%
2015 Juventus
29%
2005 AC Milan
27%
2013 Borussia Dortmund
26%
2009 Manchester United
25%
1993 AC Milan
24%
2002 Bayer Leverkusen
23%
2006 Arsenal
22%
2010 Bayern Munich
21%
2012 Bayern Munich
21%
2004 AS Monaco
20%
2011 Manchester United
20%
1962 Real Madrid
20%
1981 Real Madrid
20%
2007 Liverpool
19%
1964 Real Madrid
19%
2008 Chelsea
18%
1991 Olympique de Marseille
18%
1959 Stade de Reims
18%
1958 AC Milan
12%
1995 AC Milan
12%
1976 AS Saint-Étienne
12%
2000 Valence
12%
1999 Bayern Munich
11%
1997 Juventus
11%
2003 Juventus
11%
1994 FC Barcelone
10%
1998 Juventus
10%
2001 Valence
10%
1990 Benfica
9%
1996 Ajax
8%
1963 Benfica
8%
1965 Benfica
8%
1960 Eintracht Francfort
8%
1985 Liverpool
7%
1992 Sampdoria
7%
1977 Borussion Mönchengladbach
6%
1986 FC Barcelone
6%
1957 Fiorentina
6%
1974 Atlético Madrid
5%
1987 Bayern Munich
5%
1988 Benfica
5%
1983 Juventus
5%
1979 Malmö
5%
1969 Ajax
4%
1984 AS Roma
4%
1982 Bayern Munich
4%
1968 Benfica
4%
1978 Club Bruges
4%
1961 FC Barcelone
4%
1980 Hambourg SV
4%
1972 Inter
4%
1973 Juventus
4%
1971 Panathinaïkos
4%
1966 Partizan Belgrade
4%
1989 Steaua Bucarest
4%
1970 Celtic
3%
1967 Inter
3%
1975 Leeds United
3%
Aucun quiz correspondant
Distribution des résultats
% des personnes avec chaque résultat
Percentile par nombre de réponses
Votre historique - résultats
Vous n’avez pas pris ce quiz